When on Earth? : (Record no. 408476)
[ view plain ]
| 000 -LEADER | |
|---|---|
| fixed length control field | 01871nam a2200373 i 4500 |
| 001 - CONTROL NUMBER | |
| control field | 2015288100 |
| 003 - CONTROL NUMBER IDENTIFIER | |
| control field | DLC |
| 005 - DATE AND TIME OF LATEST TRANSACTION | |
| control field | 20250604113517.0 |
| 008 - FIXED-LENGTH DATA ELEMENTS--GENERAL INFORMATION | |
| fixed length control field | 150611t20152015nyuabc j 001 0 eng d |
| 010 ## - LIBRARY OF CONGRESS CONTROL NUMBER | |
| LC control number | 2015288100 |
| 020 ## - INTERNATIONAL STANDARD BOOK NUMBER | |
| International Standard Book Number | 9781465429407 (hardcover) |
| 020 ## - INTERNATIONAL STANDARD BOOK NUMBER | |
| International Standard Book Number | 1465429409 |
| 035 ## - SYSTEM CONTROL NUMBER | |
| System control number | (OCoLC)881041292 |
| 040 ## - CATALOGING SOURCE | |
| Original cataloging agency | BTCTA |
| Language of cataloging | eng |
| Transcribing agency | BTCTA |
| Description conventions | rda |
| Modifying agency | BDX |
| -- | OCO |
| -- | JBL |
| -- | IH5 |
| -- | JAO |
| -- | NYP |
| -- | TOH |
| -- | YDXCP |
| -- | DLC |
| 042 ## - AUTHENTICATION CODE | |
| Authentication code | lccopycat |
| 050 00 - LIBRARY OF CONGRESS CALL NUMBER | |
| Classification number | D21.5 |
| Item number | .W46 2015 |
| 082 04 - DEWEY DECIMAL CLASSIFICATION NUMBER | |
| Classification number | 909 |
| Edition number | 23 |
| 245 00 - TITLE STATEMENT | |
| Title | When on Earth? : |
| Remainder of title | history as you've never seen it before. |
| 246 30 - VARYING FORM OF TITLE | |
| Title proper/short title | DK When on Earth? |
| 250 ## - EDITION STATEMENT | |
| Edition statement | First American edition. |
| 264 #1 - Production, Publication, Distribution, Manufacture, and Copyright Notice. | |
| Place of production, publication, distribution, manufacture | New York, New York : |
| Name of producer, publisher, distributor, manufacturer | DK Publishing, |
| Date of production, publication, distribution, manufacture, or copyr | 2015. |
| 264 #4 - Production, Publication, Distribution, Manufacture, and Copyright Notice. | |
| Date of production, publication, distribution, manufacture, or copyr | �2015 |
| 300 ## - PHYSICAL DESCRIPTION | |
| Extent | 160 pages : |
| Other physical details | color illustrations, color maps, color portraits ; |
| Dimensions | 32 cm |
| 336 ## - Content Type | |
| Content type term | text |
| 336 ## - Content Type | |
| Content type term | cartographic image |
| 337 ## - Media type | |
| Media type term | unmediated |
| 338 ## - Carrier type | |
| Carrier type term | volume |
| 520 ## - SUMMARY, ETC. | |
| Summary, etc | Incredible maps show where history was made. Much more than an atlas or a history book, When on Earth? charts global historical events through stunning world maps. A truly visual guide to discovering when, where, and why things happened, When on Earth? presents history as a series of stunning, specially commissioned historical maps of the world. Each of these maps charts a key global event, such as the migration of the earliest humans, the spread of the Black Death, or the European, African, and Pacific theaters of World War II. |
| 500 ## - GENERAL NOTE | |
| General note | Includes index. |
| 505 0# - FORMATTED CONTENTS NOTE | |
| Formatted contents note | The ancient world -- The medieval world -- The modern world -- The 20th and 21st centuries. |
| 650 #0 - SUBJECT ADDED ENTRY--TOPICAL TERM | |
| Topical term or geographic name as entry element | World history |
| Form subdivision | Juvenile literature. |
| 9 (RLIN) | 5707923 |
| 710 2# - ADDED ENTRY--CORPORATE NAME | |
| Corporate name or jurisdiction name as entry element | Dorling Kindersley, Inc. |
| 9 (RLIN) | 36449 |
| 856 42 - ELECTRONIC LOCATION AND ACCESS | |
| Materials specified | Publisher description |
| Uniform Resource Identifier | <a href="http://www.loc.gov/catdir/enhancements/fy1516/2015288100-d.html">http://www.loc.gov/catdir/enhancements/fy1516/2015288100-d.html</a> |
| Withdrawn status | Lost status | Source of classification or shelving scheme | Damaged status | Not for loan | Collection code | Home library | Current library | Shelving location | Date acquired | Source of acquisition | Total Checkouts | Total Renewals | Full call number | Barcode | Checked out | Date last seen | Date checked out | Cost, replacement price | Price effective from | Koha item type |
|---|---|---|---|---|---|---|---|---|---|---|---|---|---|---|---|---|---|---|---|---|
| Dewey Decimal Classification | Junior NonFiction | Wasatch County Library | Wasatch County Library | Second Floor | 06/04/2025 | 4 | 7 | J 909 DK | 34301002156828 | 04/26/2026 | 02/25/2026 | 02/25/2026 | 21.99 | 06/04/2025 | BOOK |
